000 00236nam a2200097Ia 4500
001 722542
005 20250826163313.0
008 250824s9999 xx 000 0 und d
245 0 _aVİKİNGLER
_cROBERT LEIGHTON
260 _bPANAMA YAYINLARI
999 _c722542
_d722542